[Event "Montreal Mercredi 11"]
[Site "Montreal"]
[Date "2007.12.19"]
[Round "5"]
[White "Casaubon, Yves"]
[Black "Luo, Zhao Yang"]
[Result "1-0"]
[WhiteElo "1282"]
[BlackElo "1055"]
[PlyCount "95"]
[EventDate "2007.11.21"]
[EventType "swiss"]
[EventRounds "5"]
[EventCountry "CAN"]
[SourceTitle "EXT 2022"]
[Source "ChessBase"]
[SourceDate "2021.10.06"]
[SourceVersion "1"]
[SourceVersionDate "2021.10.06"]
[SourceQuality "1"]

1. e4 e5 2. Nf3 Nc6 3. d4 exd4 4. Nxd4 Qf6 5. c3 Bc5 6. Be3 Nge7 7. f3 0-0 8. Qd2 h6 9. Be2 Rd8 10. 0-0 d5 11. Nxc6 Bxe3+ 12. Qxe3 Qxc6 13. e5 Ng6 14. f4 Bf5 15. Nd2 Re8 16. g4 Bd7 17. h3 f6 18. Nf3 f5 19. Nd4 Qb6 20. b3 fxg4 21. Bxg4 Bxg4 22. hxg4 Re7 23. Nf5 Qxe3+ 24. Nxe3 c6 25. Rae1 Rf7 26. Nf5 b6 27. Re2 h5 28. gxh5 Rxf5 29. hxg6 Rh5 30. Rg2 Re8 31. Rf3 Re6 32. Kf2 Rh1 33. Rfg3 Ra1 34. Kf3 c5 35. Rg5 Rc1 36. Rh2 Rxc3+ 37. Kg4 d4 38. Kf5 Rc6 39. Rgh5 Kf8 40. Rh8+ Ke7 41. R2h7 Rxg6 42. Kxg6 Rg3+ 43. Kf5 d3 44. Rg8 Kf7 45. Rd8 b5 46. e6+ Ke7 47. Rd7+ Kf8 48. Rh8# 1-0